000 01699nam a2200373 c 4500
999 _c191496
_d191496
003 BLK
005 20240321130132.0
008 180411b bul|||||r ||||||| ||bul||
010 _aKNG00200655000
040 _aBLK
041 _aBUL
_cBUL
072 7 _2bullib
_aА
_xФонд Михаил Арнаудов
080 _aБългарска литература
_b821.163.2
_x-193.3
_z821.163.2-193.3
100 _aВеличков, Константин
_gписател и общественик
_d1855 - 1907
_qПетков, Константин Величков
_9256726
139 _aВеличков, Константин
_bВ 42
245 1 0 _aЦариградски сонети
_cКонстантин Величков; увод и бел. Стефан Попвасилев.
257 _aBGR
260 _bТ. Ф. Чипев
_c1939
_fСофия : Гладстон
300 _a96 с.
_c19 см
380 _aX
490 1 _aБиблиотека Българска книга
_v15
490 _aЧастна колекция - Академик Михаил Арнаудов
_9396381
_gДарение - Основен фонд
500 _aПълното име на авт. е Константин Величков Петров. - Фонд Михаил Арнаудов - мека подв., неразрязана
659 _aА
700 1 _aПопвасилев, Стефан
_eувод и бел.
_9384919
852 _aЦб 8.180.4338
852 _aМА 1943
_bМА
856 4 _qpdf
856 4 _qpdf
942 _cKNG
_n0
_s1
944 _aCR
_c13.02.2017
_k30545
_lНора Радева
944 _aED
_c13.02.2017
_kГеновева_Генчева
999 _d191496